000 00216nam a22000857a 4500
008 170113b xxu||||| |||| 00| 0 eng d
100 _92394
_aGupta.R.G.
245 _aManual Mathamatics-VIII
260 _aNew Delhi
_bAPC
_c2010
999 _c5405
_d5405